Central Library OPAC University of Rajshahi

প্রথমে মাতৃভাষা পরভাষা পরে / (Record no. 76151)

MARC details
000 -LEADER
fixed length control field 01036nam a22002537a 4500
001 - CONTROL NUMBER
control field 76151
003 - CONTROL NUMBER IDENTIFIER
rucl marc code BD-RjUL
005 - DATE AND TIME OF LATEST TRANSACTION
control field 20211209082812.0
008 - FIXED-LENGTH DATA ELEMENTS--GENERAL INFORMATION
fixed length control field 191103s2014 bg ||||| |||| 001 0 ben d
020 ## - INTERNATIONAL STANDARD BOOK NUMBER
International Standard Book Number 9789845061810
035 ## - SYSTEM CONTROL NUMBER
System control number (BD-RjUL)76372
040 ## - CATALOGING SOURCE
Original cataloging agency BD-RjUL
Language of cataloging eng
Transcribing agency BD-RjUL
041 ## - LANGUAGE CODE
Language code of text/sound track or separate title eng
082 ## - DEWEY DECIMAL CLASSIFICATION NUMBER
Edition number 23
Classification number 491.44071
Author mark and year RAP 2014
100 ## - MAIN ENTRY--PERSONAL NAME
Personal name রহমান, মুহাম্মদ হাবিবুর
9 (RLIN) 234443
245 ## - TITLE STATEMENT
Title প্রথমে মাতৃভাষা পরভাষা পরে /
Statement of responsibility, etc. মুহাম্মদ হাবিবুর রহমান
250 ## - EDITION STATEMENT
Edition statement ২য় সংস্করণ /২০১৪
260 ## - PUBLICATION, DISTRIBUTION, ETC. (IMPRINT)
Place of publication, distribution, etc. ঢাকা :
Name of publisher, distributor, etc. দি ইউনিভার্সিটি প্রেস লিমিটেড,
Date of publication, distribution, etc. ২০১৪
300 ## - PHYSICAL DESCRIPTION
Pagination ১৬৭ পৃ. ;
Size ২২ সেমি.
500 ## - GENERAL NOTE
General note ইনডেক্স সম্বলিত।
650 ## - SUBJECT ADDED ENTRY--TOPICAL TERM
Topical term or geographic name as entry element Bengali language
General subdivision Study and teaching
9 (RLIN) 234444
Topical term or geographic name as entry element Native language
General subdivision Study and teaching
9 (RLIN) 230065
942 ## - ADDED ENTRY ELEMENTS (KOHA)
Source of classification or shelving scheme Dewey Decimal Classification
Koha item type Books
Holdings
Lost status Source of classification or shelving scheme Damaged status Not for loan Permanent Location Current Location Shelving location Date acquired Source of acquisition Cost, normal purchase price Total Checkouts Full call number Date last seen Copy number Koha item type
  Dewey Decimal Classification   Not For Loan Central Library, University of Rajshahi Central Library, University of Rajshahi Reading Room 30/10/2019 Vidyasagar, Rajshahi 280.00   B 491.44071 RAP 2014 03/11/2019 C-1 Books
  Dewey Decimal Classification     Central Library, University of Rajshahi Central Library, University of Rajshahi   30/10/2019 Vidyasagar, Rajshahi 280.00   B 491.44071 RAP 2014 03/11/2019 C-2 Books
  Dewey Decimal Classification     Central Library, University of Rajshahi Central Library, University of Rajshahi   30/10/2019 Vidyasagar, Rajshahi 280.00   B 491.44071 RAP 2014 03/11/2019 C-3 Books